Lịch sử thế giới đại cương

Đã lưu trong:
书目详细资料
主要作者: Nguyễn, Xuân Sơn
格式: 图书
语言:Undetermined
出版: Hà Nội Chính Trị Quốc Gia 1997
主题:
标签: 添加标签
没有标签, 成为第一个标记此记录!
Thư viện lưu trữ: Trung tâm Học liệu Trường Đại học Cần Thơ
LEADER 00571nam a2200193Ia 4500
001 CTU_20322
008 210402s9999 xx 000 0 und d
020 |c 17.500 
082 |a 909 
082 |b S464 
100 |a Nguyễn, Xuân Sơn 
245 0 |a Lịch sử thế giới đại cương 
245 0 |c Nguyễn Xuân Sơn, Nguyễn Hữu Cát 
260 |a Hà Nội 
260 |b Chính Trị Quốc Gia 
260 |c 1997 
650 |a world history 
904 |i Minh, 971217 
980 |a Trung tâm Học liệu Trường Đại học Cần Thơ